|
|
|
|
| LEADER |
00000nam a22000007a 4500 |
| 005 |
20191009132710.0 |
| 007 |
cr|||| |||| |
| 008 |
191009s2019 ni |||||s|||| 00||0 spa d |
| 020 |
|
|
|a 9786139438532
|
| 035 |
|
|
|a 29624
|
| 040 |
|
|
|a vLex
|
| 090 |
|
|
|c 9751
|d 9751
|
| 100 |
1 |
|
|a Alemǹ Madrigal, Luis Ernesto
|
| 245 |
1 |
0 |
|a Intento de reforma tc̀ita a la remuneracin̤ condicionada
|h [Recurso electrn̤ico] /
|c Luis Ernesto Alemǹ Madrigal
|
| 256 |
|
|
|a Servicio en ln̕ea
|
| 260 |
|
|
|a Managua:
|b Editorial Acadm̌ica Espaǫla,
|c 2019
|
| 300 |
|
|
|a 1 recurso electrn̤ico
|
| 500 |
|
|
|a La presente investigacin̤ se desarrolla en Nicaragua, pas̕ perteneciente a la regin̤ de Centro Amřica. En Nicaragua, existen tres regm̕enes de seguridad social , cada uno con su campo de aplicacin̤ bien definido, dos regm̕enes de seguridad social especiales y uno de carc̀ter general. Los pensionados por vejez al aǫ 2016 segn︢ datos del Instituto Nicaragüense de Seguridad Social (INSS, 2016), en lo sucesivo INSS, son ciento treinta y un mil cuatrocientos setenta y seis, correspondiendo al pago anual de nueve mil noventa y un mil millones trescientos cincuenta mil diecisǐs cr̤dobas con 03/100 (C$9,091,350,016.03), lo que conforme a tasa cambiaria mensual del Banco Central de Nicaragua (2017), corresponde a la cantidad de trescientos y un milln̤ doscientos mil seiscientos cuarenta y ocho dl̤ares con 56/100 (USD 301,200,648.56), con lo que se aprecia la relevancia del debate propuesto tanto para el INSS como para los pensionados de vejez.
|
| 506 |
1 |
|
|a Disponible solo en los productos indicados
|d vLex Global
|d vLex Global (Academic Edition, excluding Law Schools)
|d vLex Global (U.S. Academic Edition, Law Schools)
|d vLex Global (U.S. Academic Edition, excluding Law Schools)
|d vLex Global (Academic Edition, Law Schools)
|
| 650 |
0 |
4 |
|a Derecho Laboral y Seguridad Social
|z Nicaragua
|
| 740 |
0 |
|
|a vLex Libros (Servicio en ln̕ea)
|
| 856 |
4 |
0 |
|u http://vlex.com/source/29624
|z Acceso restringido
|
| 942 |
|
|
|c BOOK
|
| 999 |
0 |
|
|a Labor law and social security
|